| 000 | 00949nam a22002417a 4500 | ||
|---|---|---|---|
| 001 | 76059 | ||
| 003 | BD-RjUL | ||
| 005 | 20211209082801.0 | ||
| 008 | 191017s2019 bg ||||| b||| 00| 0 ben d | ||
| 020 | _a9789849116712 | ||
| 035 | _a(BD-RjUL) | ||
| 040 |
_aBD-RjUL _beng _cBD-RjUL |
||
| 041 | _aeng | ||
| 082 |
_223 _a324.25492083 _bAKA 2019 |
||
| 245 |
_aআওয়ামী লীগের ভাবাদর্শিক বিকাশ (১৯৪৯-১৯৭২) = Ideological Development of Awami League / _cমোসা. ছায়িদা আকতার |
||
| 250 | _a1st Published / 2019 | ||
| 260 |
_aঢাকা : _bফেমাস বুকস্ ; _c২০১৯ |
||
| 300 |
_a৪৩২ পৃ ; _c২২ সেমি. |
||
| 504 | _aবিবলিওগ্রাফি অন্তর্ভূক্ত । | ||
| 650 |
_aAwami League. _9233853 |
||
| 651 |
_aBangladesh _xPolitics and government. _9233854 |
||
| 942 |
_2ddc _cBK |
||
| 999 |
_c76059 _d76059 |
||